|
|
|
|
| LEADER |
00000nam a2200000 a 4500 |
| 001 |
vtls001359985 |
| 003 |
SK-MaSNL |
| 005 |
20260301115031.0 |
| 008 |
240314s1999 xo r 0 slo |
| 015 |
|
|
|a SNBA1999/06-02334
|
| 020 |
|
|
|a 8022510564
|
| 035 |
|
|
|a SNK000313531
|
| 035 |
|
|
|a urn:nbn:sk:snk-amkj8y
|
| 035 |
|
|
|a urn:nbn:sk:snk-am008hsm
|
| 035 |
|
|
|a 7D5402E0-6D6C-4E7D-BEB5-0A514A50A29B
|
| 040 |
|
|
|a SNK
|b slo
|c SNK
|e AACR2
|
| 041 |
0 |
|
|a slo
|
| 044 |
|
|
|a xo
|c SK
|
| 080 |
|
|
|a 808.54(035)
|2 1981
|
| 100 |
1 |
|
|a Mlacek, Jozef,
|d 1937-
|4 aut
|
| 245 |
1 |
0 |
|a Kapitoly zo slovenského jazyka. Učebnica
|c Jozef Mlacek, Eva Tibenská
|
| 260 |
|
|
|a Bratislava
|b Ekonóm
|c 1999
|
| 300 |
|
|
|a 150 s.
|c 21 cm
|
| 650 |
0 |
7 |
|a slovenčina
|2 SNK
|9 1350
|
| 655 |
|
7 |
|a príručky
|2 SNK
|9 74364
|
| 700 |
1 |
|
|a Tibenská, Eva,
|d 1955-
|4 aut
|9 193473
|
| 919 |
|
|
|a 80-225-1056-4
|
| 958 |
|
|
|a OND
|
| 958 |
|
|
|a TL
|
| 999 |
|
|
|c 720709
|d 722639
|
| 952 |
|
|
|t P60, <03>, [BOOK], {603}
|a SNK
|b SNK
|y PREZ
|7 0
|p 17A0189454
|o snkSC 98370
|i snkKSP 4058/99
|0 0
|1 0
|4 0
|d 1999-04-14
|f 1
|l 0
|r 2025-09-18 00:00:00
|w 2026-02-23
|
| 952 |
|
|
|t P60, <04>, [BOOK], {604}
|a SNK
|b SNK
|y VYP
|7 0
|p 17A0189455
|o snkSC 98370 D1
|i snkKSP 4059/99
|0 0
|1 0
|4 0
|d 1999-04-14
|l 0
|r 2005-01-02 00:00:00
|w 2026-02-23
|